| 000 | 00342nam a22000977a 4500 | ||
|---|---|---|---|
| 008 | 150611b xxu||||| |||| 00| 0 eng d | ||
| 010 | _8SCCAPF:35 | ||
| 245 | _aSUPREME COURT CIVIL APPLICATION No. 4 of 2007 Ahamed Kawooya Kaugu Vs Bangu Aggrey Fred, The Electoral Commission | ||
| 260 | _aSupreme Court Kampala | ||
| 500 | _3Before: Bart M. Katureebe | ||
| 999 |
_c6100 _d6100 |
||